| 000 | 00590nam a22001937a 4500 | ||
|---|---|---|---|
| 005 | 20150427104235.0 | ||
| 010 | _aENG-112266 | ||
| 020 |
_c699.00 _a9788171921065 |
||
| 035 | _aEN-95798 | ||
| 037 | _bDBAD/PUB | ||
| 082 | _a883.08 | ||
| 100 | _aVaidya, Varsha V. | ||
| 245 |
_aMind and art of Nayantara Sahgal / _cby Varsha V. Vaidya |
||
| 260 |
_aNagpur _bDattsons _c2014 |
||
| 270 |
_aJawaharlal Nehru Marg, Sadar, _bNagpur _e440001 |
||
| 300 |
_aviii, 226p. _b22cm(Hb) |
||
| 500 | _aIncludes bibliographical references and index | ||
| 942 |
_2ddc _cEN _mVAI _h883.08 |
||
| 999 |
_c91993 _d91993 |
||